书目信息 |
| 题名: |
生存手册
|
|
| 作者: | 约翰·怀斯曼 著 | |
| 分册: | ||
| 出版信息: | 海口 海南出版社 2003.12 |
|
| 页数: | 524页 | |
| 开本: | 20cm | |
| 丛书名: | ||
| 单 册: | ||
| 中图分类: | G895-62 | |
| 科图分类: | ||
| 主题词: | 文娱性体育活动 | |
| 电子资源: | ||
| ISBN: | 7-80700-014-7 | |
| 000 | 00572nam0 2200193 45 | |
| 001 | 0441526493 | |
| 005 | 2004051811320641 | |
| 010 | @a7-80700-014-7@dCNY 28.00 | |
| 100 | @a20040518d2003 km y0chiy0120 ea | |
| 101 | 0 | @achi |
| 102 | @aCN@b460000 | |
| 200 | 1 | @a生存手册@ASheng Cun Shou Ce@f(英)约翰·怀斯曼著@F(Ying)Yue Han·Huai Si Man Zhu |
| 210 | @a海口@c海南出版社@d2003.12 | |
| 215 | @a524页@d20cm | |
| 606 | 0 | @a文娱性体育活动 |
| 690 | @aG895-62@v4 | |
| 701 | 0 | @a约翰·怀斯曼@AYue Han·Huai Si Man@4著 |
| 801 | 0 | @aCN@bPFT@c20040518 |
| 905 | @a安徽大学@dG895-62@eY944 | |
| 生存手册/(英)约翰·怀斯曼著.-海口:海南出版社,2003.12 |
| 524页;20cm |
| ISBN 7-80700-014-7:CNY 28.00 |
| ● |
| 相关链接 |
|
|
|
正题名:生存手册
索取号:G895-62/Y944
 
预约/预借
| 序号 | 登录号 | 条形码 | 馆藏地/架位号 | 状态 | 备注 |
| 1 | 375848 | 203758488 | 社科库409/409社科库 29排4列2层/ [索取号:G895-62/Y944] | 在馆 | |
| 2 | 375849 | 203758497 | 社科库409/409社科库 29排4列2层/ [索取号:G895-62/Y944] | 在馆 | |
| 3 | 375850 | 203758503 | 社科库409/409社科库 29排4列2层/ [索取号:G895-62/Y944] | 在馆 |